[Event "Scarborough op"]
[Site "Scarborough"]
[Date "2023.10.28"]
[Round "3"]
[White "Sheikh, Anum"]
[Black "Wise, David M"]
[Result "1/2-1/2"]
[WhiteElo "1735"]
[BlackElo "2104"]
[PlyCount "32"]
[EventDate "2023.10.27"]
[EventType "swiss"]
[EventRounds "5"]
[EventCountry "ENG"]
[SourceTitle "Mega2024 Update 01"]
[Source "Chessbase"]
[SourceDate "2023.11.12"]
[SourceVersion "1"]
[SourceVersionDate "2023.11.12"]
[SourceQuality "1"]

1. e4 c5 2. Nf3 Nc6 3. d4 cxd4 4. Nxd4 e5 5. Nb5 d6 6. N1c3 a6 7. Na3 Be7 8. Nd5 Nf6 9. Be3 0-0 10. Nxf6+ Bxf6 11. Nc4 Be6 12. Bb6 Qe7 13. Qxd6 Rac8 14. Qxe7 Nxe7 15. Ne3 Rc6 16. Ba5 Bg5 1/2-1/2

[Event "BCF-chT3N 1415 (4NCL)"]
[Site "England"]
[Date "2015.01.11"]
[Round "4.192"]
[White "Wise, David M"]
[Black "Armstrong, Malcolm J"]
[Result "1/2-1/2"]
[WhiteElo "2105"]
[BlackElo "2083"]
[PlyCount "65"]
[EventDate "2014.11.15"]
[EventType "team-swiss"]
[EventRounds "6"]
[EventCountry "ENG"]
[SourceTitle "EXT 2016"]
[Source "ChessBase"]
[SourceDate "2015.10.08"]
[SourceVersion "1"]
[SourceVersionDate "2015.10.08"]
[SourceQuality "1"]
[WhiteTeam "North East England II"]
[BlackTeam "Cheddleton II"]
[WhiteTeamCountry "ENG"]
[BlackTeamCountry "ENG"]

1. d4 d5 2. c4 c6 3. Nc3 Nf6 4. Nf3 a6 5. cxd5 cxd5 6. Bf4 e6 7. e3 Bd6 8. Bd3 Bxf4 9. exf4 Qd6 10. g3 Nc6 11. 0-0 0-0 12. Rc1 b5 13. Re1 Bb7 14. Bb1 Rac8 15. Qd3 g6 16. a3 Rc7 17. b4 Rfc8 18. Ne5 Ne4 19. Ne2 Qe7 20. Nxc6 Rxc6 21. Rxc6 Rxc6 22. Rc1 Qc7 23. Rxc6 Qxc6 24. Qc2 Qxc2 25. Bxc2 Nd6 26. Bd3 f6 27. h4 Kf7 28. Kf1 Ke7 29. Ke1 Nc4 30. Bxc4 dxc4 31. Kd2 Kd6 32. Nc3 Bc6 33. Ke3 1/2-1/2

[Event "BCF-chT3 1314 (4NCL)"]
[Site "England"]
[Date "2014.05.04"]
[Round "10.58"]
[White "Osborne, Marcus E"]
[Black "Wise, David M"]
[Result "1-0"]
[WhiteElo "2262"]
[BlackElo "2102"]
[PlyCount "65"]
[EventDate "2013.11.16"]
[EventType "team-swiss"]
[EventRounds "11"]
[EventCountry "ENG"]
[SourceTitle "EXT 2015"]
[Source "ChessBase"]
[SourceDate "2014.11.20"]
[SourceVersion "1"]
[SourceVersionDate "2014.11.20"]
[SourceQuality "1"]
[WhiteTeam "Guildford III"]
[BlackTeam "North East England"]
[WhiteTeamCountry "ENG"]
[BlackTeamCountry "ENG"]

1. d4 e6 2. c4 f5 3. Nc3 Nf6 4. Nf3 d5 5. Bf4 c6 6. e3 Bd6 7. Bxd6 Qxd6 8. Ne5 Nbd7 9. f4 0-0 10. Qc2 Ne4 11. Bd3 Nxc3 12. Qxc3 Nxe5 13. fxe5 Qe7 14. 0-0 Bd7 15. c5 g5 16. b4 Rf7 17. a4 Raf8 18. b5 Qd8 19. Rab1 Be8 20. a5 f4 21. exf4 Rxf4 22. a6 bxa6 23. b6 Bd7 24. b7 Qc7 25. Rxf4 gxf4 26. Bxh7+ Kxh7 27. Qh3+ Kg7 28. Qg4+ Kh6 29. Rb3 f3 30. b8Q Qxb8 31. Rxb8 Rxb8 32. Qh4+ Kg6 33. Qf6+ 1-0

[Event "BCF-ch Major op"]
[Site "Torquay"]
[Date "2013.08.02"]
[Round "5.64"]
[White "Freeland, Alex"]
[Black "Wise, David M"]
[Result "0-1"]
[WhiteElo "1844"]
[BlackElo "2147"]
[PlyCount "40"]
[EventDate "2013.07.29"]
[EventType "swiss"]
[EventRounds "11"]
[EventCountry "ENG"]
[SourceTitle "EXT 2023"]
[Source "ChessBase"]
[SourceDate "2022.10.05"]
[SourceVersion "1"]
[SourceVersionDate "2022.10.05"]
[SourceQuality "1"]

1. e4 e5 2. f4 d5 3. exd5 exf4 4. d4 Qh4+ 5. Kd2 Qd8 6. Nf3 Nf6 7. c4 b5 8. c5 Nxd5 9. Bxb5+ c6 10. Ba4 Bxc5 11. Qc2 Bb4+ 12. Nc3 0-0 13. a3 Ne3 14. Qb3 Ba5 15. Ke2 Ba6+ 16. Kf2 Bb6 17. Bxe3 fxe3+ 18. Kxe3 Re8+ 19. Ne4 Qe7 20. Rhe1 Qxe4+ 0-1

[Event "GBR-ch 94th"]
[Site "Great Yarmouth"]
[Date "2007.07.30"]
[Round "1"]
[White "Grigoryan, Meri"]
[Black "Wise, David M"]
[Result "0-1"]
[WhiteElo "2048"]
[BlackElo "2189"]
[PlyCount "32"]
[EventDate "2007.07.30"]
[EventType "swiss"]
[EventRounds "11"]
[EventCountry "ENG"]
[SourceTitle "CBM 119 Extra"]
[Source "ChessBase"]
[SourceDate "2007.09.04"]
[SourceVersion "1"]
[SourceVersionDate "2007.09.04"]
[SourceQuality "1"]

1. e4 e5 2. f4 Bc5 3. Nf3 d6 4. Bc4 Nf6 5. Nc3 Nc6 6. f5 Nd4 7. d3 c6 8. Ng5 d5 9. Bb3 0-0 10. Na4 Be7 11. 0-0 h6 12. Nf3 Nxb3 13. axb3 dxe4 14. dxe4 Qxd1 15. Rxd1 Nxe4 16. Nb6 Bc5+ 0-1

[Event "GBR-ch op"]
[Site "Swansea"]
[Date "2006.08.17"]
[Round "10.50"]
[White "Wise, David M"]
[Black "Khoo, Selina"]
[Result "1-0"]
[WhiteElo "2196"]
[BlackElo "1988"]
[PlyCount "75"]
[EventDate "2006.08.06"]
[EventType "swiss"]
[EventRounds "11"]
[EventCountry "WLS"]
[SourceTitle "CBM 113 Extra"]
[Source "ChessBase"]
[SourceDate "2006.09.14"]
[SourceVersion "1"]
[SourceVersionDate "2006.09.14"]
[SourceQuality "1"]

1. d4 d5 2. c4 c6 3. Nc3 dxc4 4. e4 b5 5. a4 b4 6. Nce2 a5 7. Ng3 Ba6 8. Nf3 Nd7 9. Be2 Ngf6 10. e5 Nd5 11. e6 fxe6 12. Ng5 N7f6 13. Nxe6 Qc8 14. Nc5 g6 15. 0-0 Bg7 16. Bg5 0-0 17. Rc1 Nb6 18. Re1 Rd8 19. Nxa6 Qxa6 20. b3 Rd5 21. Be3 Qb7 22. bxc4 Rd7 23. Qb3 Kh8 24. h4 Rad8 25. h5 gxh5 26. Nf5 Bf8 27. d5 cxd5 28. c5 Nc4 29. Nd4 Qc8 30. Bxc4 dxc4 31. Qxc4 Bg7 32. Ne6 Rg8 33. c6 Rd5 34. Bd4 Rf5 35. c7 Bh6 36. Rc2 h4 37. Qd3 Rh5 38. Qf3 1-0

[Event "GBR-ch op"]
[Site "Swansea"]
[Date "2006.08.14"]
[Round "7.43"]
[White "Eckersley Waites, Adam"]
[Black "Wise, David M"]
[Result "1-0"]
[WhiteElo "2147"]
[BlackElo "2196"]
[PlyCount "43"]
[EventDate "2006.08.06"]
[EventType "swiss"]
[EventRounds "11"]
[EventCountry "WLS"]
[SourceTitle "CBM 113 Extra"]
[Source "ChessBase"]
[SourceDate "2006.09.14"]
[SourceVersion "1"]
[SourceVersionDate "2006.09.14"]
[SourceQuality "1"]

1. e4 e5 2. Nf3 Nc6 3. Bb5 a6 4. Ba4 Nf6 5. 0-0 Bc5 6. Re1 b5 7. Bb3 d6 8. c3 Bb6 9. a4 Bg4 10. d3 0-0 11. h3 Bd7 12. Nbd2 Na5 13. Bc2 c5 14. Nf1 Qc8 15. Bg5 Bd8 16. d4 Nc6 17. axb5 axb5 18. Rxa8 Qxa8 19. dxe5 Nh5 20. Bxd8 Rxd8 21. exd6 Qa2 22. Ng5 1-0

[Event "BCF-chT3 0102 (4NCL)"]
[Site "Birmingham"]
[Date "2002.03.23"]
[Round "7.2"]
[White "Wise, David M"]
[Black "Hill, David F"]
[Result "1-0"]
[WhiteElo "2193"]
[BlackElo "2151"]
[PlyCount "75"]
[EventDate "2001.09.??"]
[EventType "team"]
[EventRounds "11"]
[EventCountry "ENG"]
[SourceTitle "EXT 2003"]
[Source "ChessBase"]
[SourceDate "2002.11.25"]
[SourceVersion "1"]
[SourceVersionDate "2002.11.25"]
[SourceQuality "1"]
[WhiteTeam "White Rose II"]
[BlackTeam "Guildford III"]
[WhiteTeamCountry "ENG"]
[BlackTeamCountry "ENG"]

1. d4 d5 2. Nf3 e6 3. e3 c6 4. Bd3 Bd6 5. c4 f5 6. Nc3 Nf6 7. h3 0-0 8. Bd2 Kh8 9. Qe2 dxc4 10. Bxc4 b5 11. Bd3 b4 12. Na4 Qa5 13. Nc5 Bxc5 14. dxc5 Qxc5 15. a3 Nd5 16. e4 fxe4 17. Qxe4 Nf6 18. Qxb4 Qxb4 19. Bxb4 Rd8 20. 0-0-0 Ba6 21. Kc2 Bxd3+ 22. Rxd3 Na6 23. Rxd8+ Rxd8 24. Be7 Rd7 25. Bxf6 gxf6 26. Re1 e5 27. Re4 Kg7 28. g4 Kg6 29. Rxe5 fxe5 30. Nxe5+ Kg5 31. Nxd7 Kh4 32. Nf6 Kxh3 33. g5 Nc5 34. Nxh7 Kh4 35. g6 Ne6 36. Nf8 Ng7 37. Nd7 Kg5 38. Ne5 1-0

[Event "BCF-chT3 0102 (4NCL)"]
[Site "Birmingham"]
[Date "2002.01.20"]
[Round "6.3"]
[White "Thomas, Nicholas"]
[Black "Wise, David M"]
[Result "1/2-1/2"]
[WhiteElo "2201"]
[BlackElo "2193"]
[PlyCount "100"]
[EventDate "2001.09.??"]
[EventType "team"]
[EventRounds "11"]
[EventCountry "ENG"]
[SourceTitle "EXT 2003"]
[Source "ChessBase"]
[SourceDate "2002.11.25"]
[SourceVersion "1"]
[SourceVersionDate "2002.11.25"]
[SourceQuality "1"]
[WhiteTeam "Warwicks Select II"]
[BlackTeam "White Rose II"]
[WhiteTeamCountry "ENG"]
[BlackTeamCountry "ENG"]

1. e4 c5 2. Nc3 Nc6 3. g3 g6 4. Bg2 Bg7 5. d3 d6 6. f4 e6 7. Nf3 Nge7 8. 0-0 0-0 9. Be3 Nd4 10. e5 Bd7 11. Ne4 Nef5 12. Bf2 Nxf3+ 13. Qxf3 Bc6 14. c3 Rc8 15. Rfd1 b6 16. d4 cxd4 17. cxd4 Bxe4 18. Qxe4 d5 19. Qd3 Qd7 20. Rdc1 Rxc1+ 21. Rxc1 Rc8 22. Rxc8+ Qxc8 23. Qd2 Bf8 24. Bf1 Qc6 25. g4 Ne7 26. Bd3 Bg7 27. Be3 f5 28. g5 Bf8 29. Qb4 Kf7 30. Kf2 a5 31. Qb5 Qxb5 32. Bxb5 Nc8 33. Bd2 Na7 34. Be2 Ke8 35. Ke3 Be7 36. Kd3 Bd8 37. b4 axb4 38. Bxb4 Be7 39. Kc3 Bxb4+ 40. Kxb4 Nc6+ 41. Kc3 Na7 42. a4 Ke7 43. h4 Nc6 44. Bb5 Kd7 45. Be2 Kc7 46. h5 Kd8 47. Bb5 Kc7 48. Bxc6 Kxc6 49. h6 Kc7 50. Kb4 Kc6 1/2-1/2

[Event "BCF-chT3 0102 (4NCL)"]
[Site "Birmingham"]
[Date "2002.01.19"]
[Round "5.3"]
[White "Wise, David M"]
[Black "Blackburn, Jonathan LB"]
[Result "1-0"]
[WhiteElo "2193"]
[BlackElo "2162"]
[PlyCount "53"]
[EventDate "2001.09.??"]
[EventType "team"]
[EventRounds "11"]
[EventCountry "ENG"]
[SourceTitle "EXT 2003"]
[Source "ChessBase"]
[SourceDate "2002.11.25"]
[SourceVersion "1"]
[SourceVersionDate "2002.11.25"]
[SourceQuality "1"]
[WhiteTeam "White Rose II"]
[BlackTeam "SW Dragons II"]
[WhiteTeamCountry "ENG"]
[BlackTeamCountry "ENG"]

1. d4 e6 2. Nf3 Nf6 3. e3 b6 4. Bd3 Bb7 5. 0-0 Be7 6. c4 0-0 7. Nc3 d5 8. cxd5 exd5 9. b3 c5 10. Bb2 Nc6 11. Rc1 Re8 12. dxc5 Bxc5 13. Ne2 Ne4 14. Ned4 Nb4 15. Bb1 a5 16. a3 Na6 17. Nf5 Bf8 18. Ne5 f6 19. Qg4 Ng5 20. Nd7 h5 21. Nh6+ gxh6 22. Qf5 Re6 23. Nxf6+ Kf7 24. Nh7+ Ke8 25. Nxg5 hxg5 26. Qxe6+ Qe7 27. Bg6+ 1-0

[Event "BCF-chT3 0102 (4NCL)"]
[Site "Birmingham"]
[Date "2001.11.25"]
[Round "4.4"]
[White "Kendall, Paul SN"]
[Black "Wise, David M"]
[Result "1/2-1/2"]
[WhiteElo "1968"]
[BlackElo "2193"]
[PlyCount "39"]
[EventDate "2001.09.??"]
[EventType "team"]
[EventRounds "11"]
[EventCountry "ENG"]
[SourceTitle "EXT 2003"]
[Source "ChessBase"]
[SourceDate "2002.11.25"]
[SourceVersion "1"]
[SourceVersionDate "2002.11.25"]
[SourceQuality "1"]
[WhiteTeam "Milton Keynes"]
[BlackTeam "White Rose II"]
[WhiteTeamCountry "ENG"]
[BlackTeamCountry "ENG"]

1. e4 c5 2. Nf3 Nc6 3. Bb5 g6 4. 0-0 Bg7 5. c3 Nf6 6. Re1 0-0 7. d4 d5 8. exd5 Qxd5 9. c4 Qd6 10. dxc5 Qxd1 11. Rxd1 Bg4 12. Bxc6 bxc6 13. Nc3 Rab8 14. h3 Bxf3 15. gxf3 Rb7 16. Rb1 Nd7 17. Ne2 Nxc5 18. Be3 Nd7 19. Kg2 Rc8 20. b3 1/2-1/2

[Event "BCF-chT2 0001 (4NCL)"]
[Site "Birmingham"]
[Date "2001.05.06"]
[Round "10.3"]
[White "Tiller, Bjorn"]
[Black "Wise, David M"]
[Result "0-1"]
[WhiteElo "2384"]
[BlackElo "2173"]
[PlyCount "52"]
[EventDate "2000.11.26"]
[EventType "team"]
[EventRounds "11"]
[EventCountry "ENG"]
[SourceTitle "CBM 079 Extra"]
[Source "ChessBase"]
[SourceDate "2001.01.11"]
[SourceVersion "2"]
[SourceVersionDate "2001.01.25"]
[SourceQuality "1"]
[WhiteTeam "Wood Green II"]
[BlackTeam "BCCA"]
[WhiteTeamCountry "ENG"]
[BlackTeamCountry "ENG"]

1. e4 c5 2. d3 Nc6 3. f4 g6 4. Nf3 Bg7 5. g3 d6 6. Bg2 e5 7. Nc3 Nge7 8. 0-0 0-0 9. f5 gxf5 10. Nh4 Nd4 11. Bg5 f6 12. Be3 fxe4 13. dxe4 Be6 14. Nd5 Ndc6 15. Nf5 Nxf5 16. exf5 Bf7 17. g4 Ne7 18. h4 Qd7 19. g5 Nxd5 20. Bxd5 Bxd5 21. Qxd5+ Kh8 22. Rf2 fxg5 23. Raf1 gxh4 24. f6 Rxf6 25. Rxf6 Bxf6 26. Rxf6 Qg7+ 0-1

[Event "BCF-chT2 0001 (4NCL)"]
[Site "Birmingham"]
[Date "2000.11.25"]
[Round "3.4"]
[White "Cobb, Charles"]
[Black "Wise, David M"]
[Result "1/2-1/2"]
[WhiteElo "2292"]
[BlackElo "2173"]
[PlyCount "40"]
[EventDate "2000.11.26"]
[EventType "team"]
[EventRounds "11"]
[EventCountry "ENG"]
[SourceTitle "CBM 079 Extra"]
[Source "ChessBase"]
[SourceDate "2001.01.11"]
[SourceVersion "2"]
[SourceVersionDate "2001.01.25"]
[SourceQuality "1"]
[WhiteTeam "Bristol"]
[BlackTeam "BCCA"]
[WhiteTeamCountry "ENG"]
[BlackTeamCountry "ENG"]

1. c4 e5 2. Nc3 Nf6 3. Nf3 Nc6 4. e3 Be7 5. d4 exd4 6. Nxd4 0-0 7. Be2 Nxd4 8. Qxd4 d6 9. 0-0 Re8 10. b3 Bf8 11. Bb2 c6 12. Rfd1 Qc7 13. Bf3 Bd7 14. Qf4 Rac8 15. Ne2 Re6 16. Ng3 Be8 17. h3 Qa5 18. Nf5 Rd8 19. Rd3 Nd7 20. Bc3 Qc7 1/2-1/2

[Event "BCF-ch 87th"]
[Site "Millfield"]
[Date "2000.08.04"]
[Round "5"]
[White "Wise, David M"]
[Black "Hempson, Peter W"]
[Result "1/2-1/2"]
[WhiteElo "2173"]
[BlackElo "2219"]
[PlyCount "30"]
[EventDate "2000.07.31"]
[EventType "swiss"]
[EventRounds "11"]
[EventCountry "ENG"]
[SourceTitle "CBM 077 Extra"]
[Source "ChessBase"]
[SourceDate "2000.09.14"]
[SourceVersion "1"]
[SourceVersionDate "2000.09.14"]
[SourceQuality "1"]

1. e4 c5 2. Nf3 Nc6 3. Bb5 g6 4. Bxc6 bxc6 5. 0-0 Bg7 6. Re1 e5 7. b4 cxb4 8. a3 Ne7 9. Bb2 d6 10. d4 Qc7 11. axb4 0-0 12. dxe5 dxe5 13. Ra5 Rb8 14. Bc3 Rb5 15. Ra1 Rb7 1/2-1/2

[Event "BCF-ch 87th"]
[Site "Millfield"]
[Date "2000.07.31"]
[Round "1"]
[White "Wise, David M"]
[Black "McShane, Luke J"]
[Result "0-1"]
[WhiteElo "2173"]
[BlackElo "2480"]
[PlyCount "120"]
[EventDate "2000.07.31"]
[EventType "swiss"]
[EventRounds "11"]
[EventCountry "ENG"]
[SourceTitle "CBM 077 Extra"]
[Source "ChessBase"]
[SourceDate "2000.09.14"]
[SourceVersion "1"]
[SourceVersionDate "2000.09.14"]
[SourceQuality "1"]

1. e4 c5 2. Nf3 Nc6 3. d4 cxd4 4. Nxd4 Nf6 5. Nc3 e5 6. Ndb5 d6 7. Nd5 Nxd5 8. exd5 Nb8 9. Qf3 a6 10. Qa3 b6 11. c4 Be7 12. Be2 0-0 13. 0-0 f5 14. f4 Bb7 15. Nc3 Nd7 16. Be3 a5 17. Qb3 exf4 18. Bxf4 Bc8 19. Nb5 Nc5 20. Qc2 Bd7 21. Nd4 Bg5 22. Rad1 Qf6 23. Bxg5 Qxg5 24. Bf3 Rac8 25. Rfe1 Rf6 26. Qd2 Qxd2 27. Rxd2 Kf8 28. b3 g5 29. Bd1 Re8 30. Rxe8+ Kxe8 31. Re2+ Kd8 32. Bc2 h5 33. a3 f4 34. b4 Na6 35. b5 Nc5 36. Kf2 Rf7 37. Nc6+ Kc8 38. Bg6 Rg7 39. Bxh5 Rh7 40. Be8 Bg4 41. Ra2 Rxh2 42. Kg1 Rh6 43. Bg6 Kc7 44. Bb1 Rh8 45. Nd4 Re8 46. Bf5 Bxf5 47. Nxf5 Re1+ 48. Kf2 Nd3+ 49. Kf3 Ne5+ 50. Kf2 Re4 51. Rd2 g4 52. Rd4 Rxd4 53. Nxd4 Nxc4 54. Ne6+ Kd7 55. a4 Ke7 56. Nxf4 Kf6 57. Nd3 Kf5 58. Kg3 Ne3 59. Nb2 Ke4 60. Kf2 Kd4 0-1

[Event "BCF-chT2 9900 (4NCL)"]
[Site "Birmingham"]
[Date "2000.05.01"]
[Round "11.3"]
[White "Wise, David M"]
[Black "Wooldridge, Leon"]
[Result "1-0"]
[WhiteElo "2145"]
[BlackElo "2185"]
[PlyCount "55"]
[EventDate "1999.10.??"]
[EventType "team"]
[EventRounds "11"]
[EventCountry "ENG"]
[SourceTitle "EXT 2001"]
[Source "ChessBase"]
[SourceDate "2000.11.22"]
[SourceVersion "1"]
[SourceVersionDate "2000.11.22"]
[SourceQuality "1"]
[WhiteTeam "BCCA"]
[BlackTeam "Thistle White Rose"]
[WhiteTeamCountry "ENG"]
[BlackTeamCountry "ENG"]

1. d4 Nf6 2. c4 g6 3. Nc3 d5 4. Nf3 Bg7 5. cxd5 Nxd5 6. e4 Nxc3 7. bxc3 c5 8. Rb1 0-0 9. Be2 Qa5 10. 0-0 Qxa2 11. Bg5 Nd7 12. Re1 cxd4 13. cxd4 Nb6 14. Bxe7 Re8 15. Bc5 Bd7 16. Bd3 Bh6 17. Ne5 Rxe5 18. dxe5 Be6 19. Ra1 Qb2 20. Re2 Qxe5 21. Bxb6 Rc8 22. Be3 Bxe3 23. Rxe3 a5 24. Rb1 Rc3 25. Bf1 Rxe3 26. fxe3 Qxe4 27. Qd8+ Kg7 28. Qd4+ 1-0

[Event "BCF-chT2 9900 (4NCL)"]
[Site "Birmingham"]
[Date "2000.04.30"]
[Round "10.3"]
[White "Collier, David"]
[Black "Wise, David M"]
[Result "1-0"]
[WhiteElo "2215"]
[BlackElo "2145"]
[PlyCount "77"]
[EventDate "1999.10.??"]
[EventType "team"]
[EventRounds "11"]
[EventCountry "ENG"]
[SourceTitle "EXT 2001"]
[Source "ChessBase"]
[SourceDate "2000.11.22"]
[SourceVersion "1"]
[SourceVersionDate "2000.11.22"]
[SourceQuality "1"]
[WhiteTeam "Bristol II"]
[BlackTeam "BCCA"]
[WhiteTeamCountry "ENG"]
[BlackTeamCountry "ENG"]

1. d4 d5 2. Bg5 g6 3. Nf3 Bg7 4. e3 Nf6 5. Nbd2 0-0 6. Bd3 c5 7. c3 Nbd7 8. 0-0 b6 9. b4 a5 10. bxc5 bxc5 11. Qe2 Qc7 12. Bf4 Qa7 13. h3 Ba6 14. Bxa6 Qxa6 15. Qxa6 Rxa6 16. Rab1 Rc8 17. a4 Nb6 18. Ra1 Nfd7 19. Rfb1 Bf8 20. Rb5 cxd4 21. cxd4 e6 22. Ne5 Nxe5 23. Bxe5 Bb4 24. Nb3 Nd7 25. Bf4 Rc3 26. Rb7 Rxb3 27. Rxd7 Rc6 28. Rd8+ Kg7 29. Be5+ Kh6 30. Rd7 f5 31. h4 g5 32. hxg5+ Kxg5 33. f4+ Kh6 34. Kf2 Rc2+ 35. Kf3 Bf8 36. Rf7 Rbb2 37. Rf1 Rxg2 38. Rxf8 Rh2 39. Rg8 1-0

[Event "BCF-chT2 9900 (4NCL)"]
[Site "Birmingham"]
[Date "2000.04.29"]
[Round "9.4"]
[White "Wise, David M"]
[Black "Dickinson, Timothy R"]
[Result "1-0"]
[WhiteElo "2145"]
[BlackElo "2176"]
[PlyCount "59"]
[EventDate "1999.10.??"]
[EventType "team"]
[EventRounds "11"]
[EventCountry "ENG"]
[SourceTitle "EXT 2001"]
[Source "ChessBase"]
[SourceDate "2000.11.22"]
[SourceVersion "1"]
[SourceVersionDate "2000.11.22"]
[SourceQuality "1"]
[WhiteTeam "BCCA"]
[BlackTeam "Witney"]
[WhiteTeamCountry "ENG"]
[BlackTeamCountry "ENG"]

1. d4 e6 2. c4 Nf6 3. Nc3 Bb4 4. e3 c5 5. Nge2 cxd4 6. exd4 d5 7. c5 Ne4 8. Bd2 Nxd2 9. Qxd2 0-0 10. a3 Bxc3 11. Nxc3 a5 12. Be2 Bd7 13. 0-0 a4 14. f4 b6 15. f5 f6 16. fxe6 Bxe6 17. Rad1 Nd7 18. c6 Nb8 19. Bb5 Qd6 20. Bxa4 Nxc6 21. Bc2 Bf7 22. Nb5 Qb8 23. Bd3 Ne7 24. Rc1 Rc8 25. Rce1 Re8 26. g3 Nc8 27. Rc1 Re7 28. Qc2 h6 29. Nc7 Ra7 30. Na6 1-0

[Event "BCF-chT2 9900 (4NCL)"]
[Site "Birmingham"]
[Date "2000.03.25"]
[Round "7.3"]
[White "Rattray, Ross"]
[Black "Wise, David M"]
[Result "0-1"]
[WhiteElo "2109"]
[BlackElo "2145"]
[PlyCount "70"]
[EventDate "1999.10.??"]
[EventType "team"]
[EventRounds "11"]
[EventCountry "ENG"]
[SourceTitle "EXT 2001"]
[Source "ChessBase"]
[SourceDate "2000.11.22"]
[SourceVersion "1"]
[SourceVersionDate "2000.11.22"]
[SourceQuality "1"]
[WhiteTeam "South County Stars"]
[BlackTeam "BCCA"]
[WhiteTeamCountry "ENG"]
[BlackTeamCountry "ENG"]

1. e4 c5 2. Nf3 Nc6 3. d4 cxd4 4. Nxd4 Nf6 5. Nc3 e5 6. Ndb5 d6 7. Nd5 Nxd5 8. exd5 Nb8 9. c4 Nd7 10. Be2 Be7 11. 0-0 0-0 12. Be3 a6 13. Nc3 f5 14. f3 Qe8 15. b4 f4 16. Bf2 Rf6 17. g4 fxg3 18. hxg3 Rh6 19. Kg2 Nf6 20. Rh1 Rxh1 21. Qxh1 Qg6 22. Kf1 Bf5 23. Rd1 Nd7 24. Ne4 Bxe4 25. fxe4 Rf8 26. Bf3 Rc8 27. Bh5 Qh6 28. Qf3 Nf6 29. Qf5 Rxc4 30. Qe6+ Kh8 31. Be2 Qh1+ 32. Bg1 Rc7 33. g4 Nxe4 34. Bd3 Qf3+ 35. Ke1 Bh4+ 0-1

[Event "BCF-chT2 9900 (4NCL)"]
[Site "Birmingham"]
[Date "2000.01.22"]
[Round "5.4"]
[White "Wise, David M"]
[Black "Zeidler, Sven P"]
[Result "1/2-1/2"]
[WhiteElo "2145"]
[BlackElo "2235"]
[PlyCount "45"]
[EventDate "1999.10.??"]
[EventType "team"]
[EventRounds "11"]
[EventCountry "ENG"]
[SourceTitle "EXT 2001"]
[Source "ChessBase"]
[SourceDate "2000.11.22"]
[SourceVersion "1"]
[SourceVersionDate "2000.11.22"]
[SourceQuality "1"]
[WhiteTeam "BCCA"]
[BlackTeam "SW Dragons"]
[WhiteTeamCountry "ENG"]
[BlackTeamCountry "ENG"]

1. d4 f5 2. g3 Nf6 3. Bg2 g6 4. c4 Bg7 5. Nc3 d6 6. Nh3 0-0 7. d5 c6 8. Nf4 e5 9. dxe6 Na6 10. 0-0 Nc5 11. Qc2 Qe7 12. Bd2 Bxe6 13. Nxe6 Qxe6 14. b3 Rad8 15. Rad1 Rfe8 16. Be3 Ng4 17. Bg5 Rd7 18. h3 Nf6 19. Be3 Nh5 20. Bxc5 dxc5 21. Rxd7 Qxd7 22. e3 Qe7 23. Ne2 1/2-1/2

[Event "BCF-chT2 9900 (4NCL)"]
[Site "Birmingham"]
[Date "1999.10.09"]
[Round "1.4"]
[White "Wise, David M"]
[Black "Moore, Gerald C"]
[Result "1/2-1/2"]
[WhiteElo "2150"]
[BlackElo "2202"]
[PlyCount "69"]
[EventDate "1999.10.??"]
[EventType "team"]
[EventRounds "11"]
[EventCountry "ENG"]
[SourceTitle "EXT 2001"]
[Source "ChessBase"]
[SourceDate "2000.11.22"]
[SourceVersion "1"]
[SourceVersionDate "2000.11.22"]
[SourceQuality "1"]
[WhiteTeam "BCCA"]
[BlackTeam "POI"]
[WhiteTeamCountry "ENG"]
[BlackTeamCountry "ENG"]

1. d4 g6 2. e4 Bg7 3. Nc3 d6 4. Be3 a6 5. a4 Nc6 6. Nf3 Bg4 7. Be2 Nf6 8. 0-0 0-0 9. Qd2 e5 10. d5 Ne7 11. a5 Bd7 12. Ne1 Kh8 13. f3 Nfg8 14. Na4 f5 15. c4 Nf6 16. Qc2 Neg8 17. c5 Bh6 18. Bf2 fxe4 19. fxe4 Ng4 20. Bxg4 Bxg4 21. Nc3 Qe7 22. Nd3 Nf6 23. Rae1 Bd7 24. cxd6 cxd6 25. Be3 Bxe3+ 26. Rxe3 Ng4 27. Ref3 Rxf3 28. Rxf3 Rf8 29. Qe2 Kg7 30. h3 Rxf3 31. Qxf3 Nf6 32. b4 Qd8 33. Nb2 Qc7 34. Qe3 Nh5 35. Kh2 1/2-1/2